[Event "6th Prague Challengers"]
[Site "Prague CZE"]
[Date "2024.02.27"]
[Round "1.1"]
[White "Korobov, Anton"]
[Black "Vaishali, Rameshbabu"]
[Result "1-0"]
[WhiteTitle "GM"]
[BlackTitle "IM"]
[WhiteElo "2666"]
[BlackElo "2481"]
[WhiteFideId "14105730"]
[BlackFideId "5091756"]
[EventDate "2024.02.27"]

1. d4 d5 2. c4 e6 3. Nf3 Nf6 4. Nc3 Nbd7 5. cxd5 exd5 6. Bg5 Bb4 7. Qc2 c5 8. e3
O-O 9. Bd3 Qb6 10. O-O c4 11. Bf5 Qc6 12. a4 Re8 13. Rfc1 h6 14. Bh4 a5 15. Nb5
Nf8 16. b3 c3 17. Bd3 Ne4 18. Ne5 Qb6 19. Bxe4 dxe4 20. Nc4 Qc6 21. Nxc3 Bxc3
22. Qxc3 Be6 23. Qd2 Qa6 24. d5 Bd7 25. Bg3 Ng6 26. Qd4 Rad8 27. Nd6 Re7 28.
Nxe4 Bc6 29. Nd6 1-0

[Event "6th Prague Challengers"]
[Site "Prague CZE"]
[Date "2024.02.27"]
[Round "1.2"]
[White "Mishra, Abhimanyu"]
[Black "Gurel, Ediz"]
[Result "1/2-1/2"]
[WhiteTitle "GM"]
[BlackTitle "IM"]
[WhiteElo "2627"]
[BlackElo "2560"]
[WhiteFideId "30920019"]
[BlackFideId "44507356"]
[EventDate "2024.02.27"]

1. d4 d5 2. Nf3 Nf6 3. c4 c6 4. e3 Bf5 5. Nc3 e6 6. Nh4 Be4 7. f3 Bg6 8. Qb3 Qb6
9. Nxg6 hxg6 10. Bd2 Nbd7 11. Kf2 Be7 12. Qxb6 axb6 13. a4 Bb4 14. Be2 dxc4 15.
Bxc4 e5 16. h4 O-O 17. g4 Rfd8 18. Rhd1 Kf8 19. Bb3 Ne8 20. g5 Ba5 21. Ne4 exd4
22. exd4 Bxd2 23. Rxd2 b5 24. a5 Nb6 25. Rdd1 Nc4 26. Bxc4 bxc4 27. Nc5 Nd6 28.
Ra4 Ra7 29. Rda1 Kg8 30. Re1 Re8 31. Rxe8+ Nxe8 32. Ke3 Nd6 33. d5 cxd5 34. Kd4
Nb5+ 35. Kxd5 c3 36. b4 c2 37. Ra1 b6 38. Nb3 bxa5 39. bxa5 Rc7 40. Rc1 Nc3+ 41.
Kd6 Nb5+ 42. Kd5 1/2-1/2

[Event "6th Prague Challengers"]
[Site "Prague CZE"]
[Date "2024.02.27"]
[Round "1.3"]
[White "Finek, Vaclav"]
[Black "Stalmach, Richard"]
[Result "1/2-1/2"]
[WhiteTitle "IM"]
[BlackTitle "IM"]
[WhiteElo "2429"]
[BlackElo "2434"]
[WhiteFideId "23718293"]
[BlackFideId "372048"]
[EventDate "2024.02.27"]

1. d4 Nf6 2. c4 e6 3. g3 d5 4. Nf3 Bb4+ 5. Bd2 Be7 6. Bg2 O-O 7. O-O Nbd7 8. Bc3
b6 9. cxd5 exd5 10. Bd2 Ne4 11. Bf4 g5 12. Bd2 Bb7 13. Nc3 Nd6 14. Qc1 f6 15. h4
h6 16. Bh3 Kg7 17. Be6 c6 18. Nd1 Rh8 19. Ne3 Nf8 20. Nf5+ Nxf5 21. Bxf5 Bc8 22.
Bd3 Bh3 23. Re1 Rc8 24. e4 Ne6 25. Bc3 Re8 26. Qd1 Qd7 27. exd5 cxd5 28. Nh2 Bd6
29. Qh5 Qf7 30. Qxf7+ Kxf7 31. Be2 gxh4 32. Bh5+ Ke7 33. Bxe8 hxg3 34. fxg3 Rxe8
35. Nf1 Rg8 36. Re3 Kd7 37. Kf2 f5 38. Nd2 f4 39. gxf4 Rg2+ 40. Kf1 Rg3+ 41. Kf2
Rg2+ 42. Kf1 Rh2+ 43. Kg1 Bxf4 44. Rf3 Rg2+ 45. Kh1 Rh2+ 46. Kg1 Rg2+ 47. Kh1
Rh2+ 48. Kg1 Rg2+ 1/2-1/2

[Event "6th Prague Challengers"]
[Site "Prague CZE"]
[Date "2024.02.27"]
[Round "1.4"]
[White "Rodshtein, Maxim"]
[Black "L'Ami, Erwin"]
[Result "1/2-1/2"]
[WhiteTitle "GM"]
[BlackTitle "GM"]
[WhiteElo "2590"]
[BlackElo "2636"]
[WhiteFideId "2806851"]
[BlackFideId "1007998"]
[EventDate "2024.02.27"]

1. Nf3 d5 2. g3 g6 3. Bg2 Bg7 4. d4 Nf6 5. c4 c6 6. O-O O-O 7. b3 a5 8. Nc3 Ne4
9. Bb2 Bf5 10. e3 Nxc3 11. Bxc3 Be4 12. Bh3 e6 13. Nd2 Bd3 14. Re1 Nd7 15. Rc1
Nf6 16. Bb2 h5 17. Bg2 b5 18. Nf3 Be4 19. Ne5 Bxg2 20. Kxg2 Qb6 21. cxd5 cxd5
22. Rc6 Qb7 23. Qc2 Rfc8 24. Rc1 Rxc6 25. Qxc6 Qxc6 26. Rxc6 b4 27. a4 bxa3 28.
Bxa3 Ne4 29. Nd7 Nd2 30. Nc5 Rb8 31. Ra6 1/2-1/2

[Event "6th Prague Challengers"]
[Site "Prague CZE"]
[Date "2024.02.27"]
[Round "1.5"]
[White "Santos Latasa, Jaime"]
[Black "Hrbek, Stepan"]
[Result "1/2-1/2"]
[WhiteTitle "GM"]
[BlackTitle "IM"]
[WhiteElo "2612"]
[BlackElo "2426"]
[WhiteFideId "2293307"]
[BlackFideId "393479"]
[EventDate "2024.02.27"]

1. Nf3 d5 2. g3 Nf6 3. Bg2 c5 4. O-O e6 5. c4 d4 6. e3 Nc6 7. exd4 cxd4 8. d3
Bc5 9. Nbd2 O-O 10. Nb3 Be7 11. Re1 a5 12. a4 Qb6 13. Bd2 Nd7 14. Ng5 Bxg5 15.
Bxg5 Nc5 16. Nxc5 Qxc5 17. Bd2 Ra6 18. f4 Rb6 19. Rb1 f6 20. b3 Nb4 21. Qe2 Re8
22. Be4 Bd7 23. h4 Bc6 24. Qf3 Bxe4 25. Rxe4 Rd6 26. Bxb4 Qxb4 27. Qh5 Re7 28.
Qd1 Rb6 29. Qc2 Qc3 30. Re2 Qxc2 31. Rxc2 1/2-1/2

[Event "6th Prague Challengers"]
[Site "Prague CZE"]
[Date "2024.02.28"]
[Round "2.2"]
[White "Gurel, Ediz"]
[Black "Vaishali, Rameshbabu"]
[Result "1-0"]
[WhiteTitle "IM"]
[BlackTitle "IM"]
[WhiteElo "2560"]
[BlackElo "2481"]
[WhiteFideId "44507356"]
[BlackFideId "5091756"]
[EventDate "2024.02.27"]

1. e4 c5 2. Nf3 e6 3. d4 cxd4 4. Nxd4 Nf6 5. Nc3 Nc6 6. Ndb5 d6 7. Bf4 e5 8. Bg5
a6 9. Na3 b5 10. Nd5 Be7 11. Bxf6 Bxf6 12. c3 Rb8 13. Nc2 Bg5 14. h4 Bh6 15. a4
bxa4 16. Ncb4 Nxb4 17. Nxb4 Bd7 18. Qxd6 Rb6 19. Qc5 Bg4 20. Nd5 Rxb2 21. Bxa6
Bd2+ 22. Kf1 f6 23. h5 Kf7 24. Bc4 Be6 25. Nc7 Bxc4+ 26. Qxc4+ Ke7 27. Rxa4 Rb1+
28. Ke2 1-0

[Event "6th Prague Challengers"]
[Site "Prague CZE"]
[Date "2024.02.28"]
[Round "2.3"]
[White "Stalmach, Richard"]
[Black "Santos Latasa, Jaime"]
[Result "1/2-1/2"]
[WhiteTitle "IM"]
[BlackTitle "GM"]
[WhiteElo "2434"]
[BlackElo "2612"]
[WhiteFideId "372048"]
[BlackFideId "2293307"]
[EventDate "2024.02.27"]

1. d4 Nf6 2. c4 e6 3. Nf3 d5 4. g3 Bb4+ 5. Nbd2 dxc4 6. Bg2 b5 7. a3 Be7 8. b3
cxb3 9. Qxb3 a6 10. a4 bxa4 11. Qxa4+ Bd7 12. Qc2 Bb5 13. Nb3 Nc6 14. O-O O-O
15. Ba3 Rb8 16. Rfc1 Bxa3 17. Rxa3 Qd6 18. Rca1 e5 19. dxe5 Nxe5 20. Nxe5 Qxe5
21. e3 h5 22. Nc5 Rfd8 23. f4 Qe7 24. e4 Rb6 25. e5 Nd5 26. Ne4 Rc6 27. Qf2 Qxa3
28. Rxa3 Rc1+ 29. Bf1 Rxf1+ 30. Qxf1 Bxf1 31. Kxf1 Nb4 32. Ra4 Rb8 33. Nc5 Rb6
34. Ke2 Rc6 35. Ra5 Rb6 36. Ra4 Rc6 37. Ra5 Rb6 1/2-1/2

[Event "6th Prague Challengers"]
[Site "Prague CZE"]
[Date "2024.02.28"]
[Round "2.4"]
[White "L'Ami, Erwin"]
[Black "Finek, Vaclav"]
[Result "1/2-1/2"]
[WhiteTitle "GM"]
[BlackTitle "IM"]
[WhiteElo "2636"]
[BlackElo "2429"]
[WhiteFideId "1007998"]
[BlackFideId "23718293"]
[EventDate "2024.02.27"]

1. e4 e5 2. Nf3 Nf6 3. Nxe5 d6 4. Nf3 Nxe4 5. d3 Nf6 6. d4 d5 7. Bd3 c5 8. dxc5
Bxc5 9. Qe2+ Be7 10. Bb5+ Nc6 11. Ne5 Bd7 12. Nxd7 Qxd7 13. O-O O-O 14. Nc3 Rfe8
15. Qf3 a6 16. Ba4 Rac8 17. Bg5 b5 18. Bb3 Ne5 19. Qd1 d4 20. Bxf6 Bxf6 21. Nd5
Qf5 22. a4 Nc4 23. Nxf6+ Qxf6 24. axb5 axb5 25. Ra2 Ra8 26. Rxa8 Rxa8 27. Qd3
Rc8 28. Re1 g6 29. h3 Kg7 30. Re4 Nxb2 31. Qxd4 Qxd4 32. Rxd4 Rc7 33. f4 Na4 34.
Kh2 Nc5 35. Rd5 h5 36. h4 f5 37. g3 Nxb3 38. cxb3 Rc2+ 39. Kh3 Rb2 40. Rxb5 Kf7
41. Rb6 Kg7 42. b4 Kf7 43. Rb7+ Kf6 44. b5 Ke6 45. Rb8 Kf6 46. b6 Kg7 47. b7 Kh7
48. Rc8 1/2-1/2

[Event "6th Prague Challengers"]
[Site "Prague CZE"]
[Date "2024.02.28"]
[Round "2.5"]
[White "Mishra, Abhimanyu"]
[Black "Rodshtein, Maxim"]
[Result "1/2-1/2"]
[WhiteTitle "GM"]
[BlackTitle "GM"]
[WhiteElo "2627"]
[BlackElo "2590"]
[WhiteFideId "30920019"]
[BlackFideId "2806851"]
[EventDate "2024.02.27"]

1. d4 Nf6 2. c4 e6 3. Nf3 d5 4. g3 Bb4+ 5. Bd2 Be7 6. Bg2 c6 7. O-O Nbd7 8. Qc2
O-O 9. Rc1 a5 10. a3 b6 11. cxd5 cxd5 12. Nc3 Ba6 13. Bg5 Qb8 14. e3 Rc8 15. Bf1
Bxf1 16. Kxf1 b5 17. Qd3 b4 18. Nb5 bxa3 19. bxa3 Qb7 20. Nd2 a4 21. Bf4 Ne8 22.
g4 Nb6 23. Rxc8 Rxc8 24. Rb1 Qa6 25. Ke2 Nc4 26. Nxc4 Rxc4 27. g5 g6 28. Kf3 Nd6
29. Nxd6 Bxd6 30. Bxd6 Qxd6 31. Kg2 Qd8 32. h4 h6 33. Rh1 hxg5 34. h5 gxh5 35.
Rxh5 Qf6 36. Qb1 Kg7 37. Rh7+ Kg8 38. Rh5 Kg7 39. Rh7+ Kg8 40. Rh5 Kg7 1/2-1/2

[Event "6th Prague Challengers"]
[Site "Prague CZE"]
[Date "2024.02.29"]
[Round "3.1"]
[White "Rodshtein, Maxim"]
[Black "Gurel, Ediz"]
[Result "1/2-1/2"]
[WhiteTitle "GM"]
[BlackTitle "IM"]
[WhiteElo "2590"]
[BlackElo "2560"]
[WhiteFideId "2806851"]
[BlackFideId "44507356"]
[EventDate "2024.02.27"]

1. Nf3 d5 2. d4 Nf6 3. c4 c6 4. g3 Bg4 5. Ne5 Bf5 6. cxd5 Qxd5 7. f3 Bxb1 8.
Rxb1 Qxa2 9. Bd2 Nbd7 10. e4 Nxe5 11. dxe5 Nd7 12. Bc3 Nc5 13. Ra1 Qb3 14. Qxb3
Nxb3 15. Ra3 Nc5 16. b4 Ne6 17. b5 Nc7 18. bxc6 bxc6 19. Bc4 e6 20. Ra5 Be7 21.
Ke2 O-O 22. Rha1 Nb5 23. Bxb5 cxb5 24. Rxb5 Rfc8 25. Bd4 a6 26. Rba5 Rc6 27.
R1a2 g6 28. Be3 Kg7 29. f4 h5 30. R5a4 Bd8 31. Bd2 a5 32. Rb2 Rb6 33. Rxb6 Bxb6
34. Be3 Bxe3 35. Kxe3 h4 36. gxh4 Kh6 37. Kf3 Kh5 38. Kg3 Rb8 39. Rxa5 Rb3+ 40.
Kg2 Kg4 41. Ra2 Re3 42. h3+ Rxh3 43. Ra7 Rg3+ 44. Kh2 Re3 45. Rxf7 Re2+ 46. Kg1
Kg3 47. Kf1 Rf2+ 48. Kg1 Re2 49. Kf1 Rf2+ 50. Kg1 Re2 1/2-1/2

[Event "6th Prague Challengers"]
[Site "Prague CZE"]
[Date "2024.02.29"]
[Round "3.2"]
[White "Finek, Vaclav"]
[Black "Mishra, Abhimanyu"]
[Result "0-1"]
[WhiteTitle "IM"]
[BlackTitle "GM"]
[WhiteElo "2429"]
[BlackElo "2627"]
[WhiteFideId "23718293"]
[BlackFideId "30920019"]
[EventDate "2024.02.27"]

1. d4 d5 2. c4 c6 3. Nf3 Nf6 4. Qc2 dxc4 5. Qxc4 Bf5 6. g3 e6 7. Bg2 Be7 8. O-O
O-O 9. Rd1 Nbd7 10. e3 Bg6 11. Qe2 Qb8 12. h3 Re8 13. Nc3 Bb4 14. Bd2 e5 15. a3
Bxc3 16. Bxc3 e4 17. Nh4 Nd5 18. Rdc1 Qd6 19. Rc2 f5 20. Bd2 Qf6 21. Nxg6 hxg6
22. a4 a6 23. Rac1 Re6 24. Qc4 Kh7 25. Qb3 b5 26. Ra1 Rf8 27. axb5 axb5 28. h4
N7b6 29. Bb4 Rf7 30. Bc5 Na4 31. Qa3 Nxc5 32. Qxc5 g5 33. hxg5 Qxg5 34. Ra7 Rxa7
35. Qxa7 Qg4 36. Qa1 Rg6 37. Qf1 Rh6 38. Qe2 Qxe2 39. Rxe2 Nb4 40. Rd2 Rd6 41.
Bf1 Rd8 42. Kg2 g5 43. Rd1 Ra8 44. Be2 Ra2 45. Rd2 g4 46. Kf1 Kg6 47. Kg1 Kf6
48. d5 Nxd5 49. Bxb5 cxb5 50. Rxd5 Rxb2 51. Kf1 Ke6 52. Rc5 b4 53. Rb5 b3 54.
Ke1 Kd6 55. Rxf5 Rc2 56. Kd1 Rc5 57. Rf6+ Kc7 58. Rf7+ Kc6 59. Rf6+ Kb5 60. Rf8
Kb4 61. Re8 b2 62. Rb8+ Rb5 0-1

[Event "6th Prague Challengers"]
[Site "Prague CZE"]
[Date "2024.02.29"]
[Round "3.3"]
[White "Santos Latasa, Jaime"]
[Black "L'Ami, Erwin"]
[Result "1/2-1/2"]
[WhiteTitle "GM"]
[BlackTitle "GM"]
[WhiteElo "2612"]
[BlackElo "2636"]
[WhiteFideId "2293307"]
[BlackFideId "1007998"]
[EventDate "2024.02.27"]

1. e4 c6 2. d4 d5 3. e5 Bf5 4. Nf3 e6 5. c3 Nd7 6. Be2 a5 7. Nbd2 a4 8. Nf1 Ne7
9. Ne3 Bg6 10. h4 h6 11. h5 Bh7 12. O-O Qc7 13. g3 c5 14. Bb5 cxd4 15. cxd4 Qa5
16. Bd3 Bxd3 17. Qxd3 Nc6 18. a3 Qa6 19. Qd1 b5 20. Bd2 Nb6 21. Nc2 Nc4 22. Bc3
Be7 23. Nfe1 O-O 24. Qe2 Kh8 25. Nd3 Rg8 26. Kg2 Raf8 27. Rh1 Qa8 28. Raf1 Re8
29. f3 Qc8 30. g4 Rgf8 31. Rh3 Kg8 32. f4 f5 33. Nf2 Bd8 34. Nd1 Ne7 35. Bb4 Rf7
36. Bxe7 Bxe7 37. gxf5 Rxf5 38. Nce3 Rf7 39. Rhf3 Ref8 40. Qd3 Bd8 41. R1f2 Bh4
42. Rf1 Bd8 43. R1f2 Bh4 44. Rf1 1/2-1/2

[Event "6th Prague Challengers"]
[Site "Prague CZE"]
[Date "2024.02.29"]
[Round "3.5"]
[White "Vaishali, Rameshbabu"]
[Black "Hrbek, Stepan"]
[Result "1-0"]
[WhiteTitle "IM"]
[BlackTitle "IM"]
[WhiteElo "2481"]
[BlackElo "2426"]
[WhiteFideId "5091756"]
[BlackFideId "393479"]
[EventDate "2024.02.27"]

1. e4 e5 2. Nf3 Nc6 3. Bc4 Nf6 4. d3 Be7 5. O-O O-O 6. Nc3 d6 7. a4 Bg4 8. h3
Bh5 9. Nd5 Nxd5 10. Bxd5 Bxf3 11. Qxf3 Nd4 12. Qd1 c6 13. Ba2 Bg5 14. Be3 Bxe3
15. fxe3 Ne6 16. Qg4 Qe7 17. Rf2 g6 18. Raf1 Kg7 19. h4 Rae8 20. h5 f6 21. Qh4
Ng5 22. Kh1 h6 23. hxg6 Kxg6 24. c3 Kg7 25. a5 Rd8 26. b4 Rc8 27. Rf5 Rc7 28.
Bb3 Rcc8 29. Qg4 Rc7 30. d4 Rd7 31. c4 Rdd8 32. c5 exd4 33. exd4 Kh8 34. cxd6
Qxd6 35. Qh5 Kg7 36. R1f4 Qxb4 37. Rh4 Qe1+ 38. Kh2 Qxh4+ 39. Qxh4 Rxd4 40. Qf4
Rb4 41. Qc7+ Nf7 42. Qe7 1-0

[Event "6th Prague Challengers"]
[Site "Prague CZE"]
[Date "2024.03.01"]
[Round "4.1"]
[White "L'Ami, Erwin"]
[Black "Korobov, Anton"]
[Result "0-1"]
[WhiteTitle "GM"]
[BlackTitle "GM"]
[WhiteElo "2636"]
[BlackElo "2666"]
[WhiteFideId "1007998"]
[BlackFideId "14105730"]
[EventDate "2024.02.27"]

1. d4 Nf6 2. c4 e6 3. Nf3 b6 4. a3 Bb7 5. Nc3 d5 6. Bg5 Be7 7. Bxf6 Bxf6 8. cxd5
exd5 9. Qa4+ c6 10. g3 O-O 11. Bg2 Na6 12. O-O Nc7 13. Rad1 Ne6 14. Rfe1 Re8 15.
e4 b5 16. Qc2 Qb6 17. e5 Be7 18. Ne2 c5 19. Nf4 c4 20. Re3 a5 21. h4 b4 22. Bh3
Nxf4 23. gxf4 b3 24. Qd2 Qg6+ 25. Kh1 Bc8 26. Rg1 Qh5 27. Bxc8 Rexc8 28. Rg3 Qf5
29. Kg2 Qxf4 30. h5 Ra6 31. Re1 Qf5 32. h6 Rg6 33. Qxa5 c3 34. bxc3 b2 35. Qxd5
Rxg3+ 36. fxg3 Rxc3 37. Qa8+ Rc8 0-1

[Event "6th Prague Challengers"]
[Site "Prague CZE"]
[Date "2024.03.01"]
[Round "4.2"]
[White "Gurel, Ediz"]
[Black "Hrbek, Stepan"]
[Result "1-0"]
[WhiteTitle "IM"]
[BlackTitle "IM"]
[WhiteElo "2560"]
[BlackElo "2426"]
[WhiteFideId "44507356"]
[BlackFideId "393479"]
[EventDate "2024.02.27"]

1. e4 e5 2. Nf3 Nc6 3. Bb5 a6 4. Bxc6 dxc6 5. O-O Qf6 6. d4 exd4 7. Bg5 Qd6 8.
Nxd4 Be7 9. Bxe7 Nxe7 10. Nc3 Bd7 11. Nb3 O-O-O 12. Qh5 Ng6 13. Rad1 Qe5 14.
Qxe5 Nxe5 15. Nc5 g5 16. f3 Be6 17. b3 a5 18. Kf2 b6 19. Nd3 Ng6 20. Ke3 c5 21.
Nb2 c6 22. Rxd8+ Rxd8 23. Rd1 Re8 24. g3 f5 25. Kf2 Rf8 26. Rd6 Bd7 27. exf5
Rxf5 28. Nc4 Kc7 29. Ne4 b5 30. Ne3 Re5 31. Rf6 g4 32. Rf7 gxf3 33. Nf6 Re7 34.
Rxh7 Rxh7 35. Nxh7 Ne5 36. Ng5 1-0

[Event "6th Prague Challengers"]
[Site "Prague CZE"]
[Date "2024.03.01"]
[Round "4.3"]
[White "Mishra, Abhimanyu"]
[Black "Santos Latasa, Jaime"]
[Result "1/2-1/2"]
[WhiteTitle "GM"]
[BlackTitle "GM"]
[WhiteElo "2627"]
[BlackElo "2612"]
[WhiteFideId "30920019"]
[BlackFideId "2293307"]
[EventDate "2024.02.27"]

1. e4 e5 2. Nf3 Nc6 3. Bc4 Bc5 4. c3 Nf6 5. d3 d6 6. O-O a5 7. Re1 O-O 8. Bg5 h6
9. Bh4 g5 10. Bg3 Ba7 11. Na3 Rb8 12. Bb3 Bg4 13. Nc2 b5 14. Ne3 Bxe3 15. fxe3
a4 16. Bc2 Ne7 17. Rf1 Ng6 18. b4 axb3 19. axb3 Kg7 20. b4 Ra8 21. Qd2 Rxa1 22.
Rxa1 Nh5 23. Bf2 f5 24. exf5 Bxf5 25. Qe1 Qd7 26. Nd2 Qc6 27. Ra3 Nf6 28. e4 Nf4
29. Kh1 Bg6 30. Nb3 Qd7 31. Nd2 d5 32. Nf3 Re8 33. Bg3 dxe4 34. dxe4 Qc6 35. Nd2
Rd8 36. h3 Ra8 37. Rxa8 Qxa8 38. Kh2 Qc6 1/2-1/2

[Event "6th Prague Challengers"]
[Site "Prague CZE"]
[Date "2024.03.01"]
[Round "4.5"]
[White "Rodshtein, Maxim"]
[Black "Finek, Vaclav"]
[Result "1/2-1/2"]
[WhiteTitle "GM"]
[BlackTitle "IM"]
[WhiteElo "2590"]
[BlackElo "2429"]
[WhiteFideId "2806851"]
[BlackFideId "23718293"]
[EventDate "2024.02.27"]

1. d4 d5 2. c4 c6 3. Nf3 Nf6 4. e3 e6 5. Bd3 Nbd7 6. b3 Bd6 7. Bb2 O-O 8. O-O b6
9. Nc3 Bb7 10. Qe2 Qe7 11. Rfe1 c5 12. cxd5 exd5 13. Ba6 Bc6 14. Nb5 Bxb5 15.
Bxb5 Qe6 16. Rad1 Rfd8 17. dxc5 bxc5 18. b4 cxb4 19. Nd4 Qe4 20. f3 Qe5 21. g4
a6 22. Bc6 Rac8 23. Bb7 Rc7 24. Bxa6 Ra8 25. Rd2 Qxh2+ 26. Qxh2 Bxh2+ 27. Rxh2
Rxa6 28. g5 Ne8 29. Nf5 Nf8 30. Rd1 Rxa2 31. Rxd5 Ne6 32. f4 Raa7 33. Rhd2 Kf8
34. Nd4 Ra6 35. Rb5 f6 36. gxf6 Nxd4 37. Rxd4 Nxf6 38. Rdxb4 Re7 39. Bd4 Kf7 40.
Kf2 g6 41. Kf3 Rae6 42. Rb2 Rd7 43. Rb8 Re8 44. R8b6 Nd5 45. Ra6 Re6 46. Ra8 Re8
47. Ra5 Re6 48. Rh2 h5 49. Rb2 Nf6 50. Rb8 Rde7 51. Rc8 Re8 52. Rcc5 R8e7 53.
Rcb5 Ng4 54. f5 gxf5 55. Rxf5+ Nf6 56. Rg5 Re8 57. Raf5 Rh8 58. e4 Rd8 59. Be5
Rd3+ 60. Kf4 h4 61. Rg1 Rd8 62. Ra1 Rde8 63. Ra7+ R8e7 64. Ra8 h3 65. Rh8 h2 66.
Rh7+ Ke8 67. Rxh2 Nxe4 68. Kxe4 Ra6 69. Rh8+ Kd7 70. Rff8 Rae6 71. Rd8+ Kc6 72.
Rd5 Kb6 73. Kd4 Rg6 74. Kc4 Rg4+ 75. Bd4+ Kb7 76. Kb5 Rc7 77. Ka5 Rg2 78. Rd6
Rg5+ 79. Kb4 Rg4 80. Rhd8 Rc6 81. Rd5 Rc1 82. Ka5 Rc8 83. Rb5+ Kc7 84. Bb6+ Kb7
85. Be3+ Kc7 86. Bb6+ Kb7 87. Ba7+ Kc7 88. Rdd5 Rc4 89. Rb1 Rc2 90. Kb5 Rg8 91.
Bb6+ Kc8 92. Bc5 Rg7 93. Re5 Kb7 94. Rf1 Rb2+ 95. Bb4 Rbg2 96. Rff5 Rg1 97. Rd5
R1g6 98. Bc5 Rg3 99. Rf6 R3g6 100. Rxg6 Rxg6 101. Rd7+ Kc8 102. Rf7 Kd8 103. Kc4
Rg5 104. Bd6 Ke8 105. Re7+ Kd8 106. Kd4 Rh5 107. Ra7 Ke8 108. Be5 Rf5 109. Kd5
Rf7 110. Ra6 Rd7+ 111. Bd6 Kf7 112. Ra2 Rb7 113. Rf2+ Kg6 114. Ke6 Rb3 115. Rg2+
Kh5 116. Kf5 Kh4 117. Rh2+ Rh3 118. Rb2 Rd3 119. Be5 Rf3+ 120. Bf4 Ra3 121. Rh2+
Rh3 122. Ra2 Rb3 123. Ke4 Kh3 124. Be5 Kg4 125. Rg2+ Kh3 126. Rg7 Kh4 127. Kf4
Kh3 128. Bd4 Rb4 129. Rd7 Kg2 130. Ke4 Kg3 131. Rd8 Ra4 132. Rg8+ Kh4 133. Ke5
Kh3 1/2-1/2

[Event "6th Prague Challengers"]
[Site "Prague CZE"]
[Date "2024.03.02"]
[Round "5.2"]
[White "Santos Latasa, Jaime"]
[Black "Rodshtein, Maxim"]
[Result "1-0"]
[WhiteTitle "GM"]
[BlackTitle "GM"]
[WhiteElo "2612"]
[BlackElo "2590"]
[WhiteFideId "2293307"]
[BlackFideId "2806851"]
[EventDate "2024.02.27"]

1. e4 c5 2. Nf3 d6 3. d4 cxd4 4. Nxd4 Nf6 5. Nc3 a6 6. Be3 Ng4 7. Bc1 Nf6 8. h3
e5 9. Nb3 Be6 10. Be3 Be7 11. Qd2 O-O 12. O-O-O Nbd7 13. g4 b5 14. Kb1 b4 15.
Nd5 Bxd5 16. exd5 Nb6 17. Qxb4 Nfxd5 18. Bxb6 Nxb6 19. Qe4 g6 20. f4 d5 21. Qxe5
Bf6 22. Qe1 Qc7 23. Rh2 Rfe8 24. Re2 Rxe2 25. Qxe2 Qxf4 26. Bg2 a5 27. Rf1 Qe5
28. Qxe5 Bxe5 29. Rd1 a4 30. Nd4 a3 31. b3 Rc8 32. Rd3 Kg7 33. Ne2 Re8 34. Kc1
Bf6 35. Kd1 Re5 36. Nd4 h5 37. Nf3 Re4 38. gxh5 gxh5 39. c3 Rf4 40. Ke2 Re4+ 41.
Kd1 Rf4 42. Nd4 Kg6 43. Ke2 Bh4 44. Bf3 Nd7 45. Nc6 Nb6 46. Nb4 d4 47. cxd4 Be7
48. Nc6 Bd6 49. b4 1-0

[Event "6th Prague Challengers"]
[Site "Prague CZE"]
[Date "2024.03.02"]
[Round "5.3"]
[White "Finek, Vaclav"]
[Black "Gurel, Ediz"]
[Result "0-1"]
[WhiteTitle "IM"]
[BlackTitle "IM"]
[WhiteElo "2429"]
[BlackElo "2560"]
[WhiteFideId "23718293"]
[BlackFideId "44507356"]
[EventDate "2024.02.27"]

1. d4 d5 2. c4 c6 3. Nf3 Nf6 4. Qc2 g6 5. Bf4 dxc4 6. Qxc4 Bg7 7. e3 O-O 8. Be2
Be6 9. Qc2 Qa5+ 10. Qd2 Qxd2+ 11. Nbxd2 c5 12. dxc5 Nc6 13. Nd4 Nxd4 14. exd4
Nd5 15. Be3 Nb4 16. O-O Nc2 17. Rad1 Nxd4 18. Bc4 Bf5 19. Bd5 Nc6 20. Nc4 Rfd8
21. Bg5 Kf8 22. Rfe1 f6 23. Be3 Rd7 24. Bf3 Rad8 25. Rxd7 Rxd7 26. Rc1 Be6 27.
b3 f5 28. g3 Kf7 29. h4 Bf6 30. Kg2 Kg7 31. Re1 Bf7 32. Bf4 Bd5 33. Bxd5 Rxd5
34. Be3 Bc3 35. Rc1 Bb4 36. Nb2 Ba3 37. Rd1 Rxd1 38. Nxd1 Bb4 39. Nb2 Kf6 40.
Nd3 e5 41. f3 Ke6 42. Kf1 Kd5 43. Ke2 a6 44. Kd1 Ba3 45. g4 fxg4 46. fxg4 Nb4
47. c6 bxc6 48. Nxb4+ Bxb4 49. h5 gxh5 50. gxh5 e4 51. Bc1 Ke5 52. a3 Be7 53.
Kc2 Kf5 54. b4 Bg5 55. Bb2 Kg4 56. a4 Kxh5 0-1

[Event "6th Prague Challengers"]
[Site "Prague CZE"]
[Date "2024.03.02"]
[Round "5.4"]
[White "Vaishali, Rameshbabu"]
[Black "L'Ami, Erwin"]
[Result "0-1"]
[WhiteTitle "IM"]
[BlackTitle "GM"]
[WhiteElo "2481"]
[BlackElo "2636"]
[WhiteFideId "5091756"]
[BlackFideId "1007998"]
[EventDate "2024.02.27"]

1. e4 c6 2. d4 d5 3. exd5 cxd5 4. Bd3 Nf6 5. c3 Bg4 6. Qb3 Qc7 7. h3 Bd7 8. Nf3
e6 9. O-O Bd6 10. Re1 Bc6 11. Qc2 Nbd7 12. b3 O-O 13. Ba3 Bxa3 14. Nxa3 Rfc8 15.
Re3 Qa5 16. Qb2 b5 17. b4 Qb6 18. Ne5 a6 19. Nc2 Nf8 20. Rae1 a5 21. bxa5 Qxa5
22. Nb4 Bb7 23. Rf3 Rc7 24. Rxf6 gxf6 25. Ng4 f5 26. Nf6+ Kg7 27. Nh5+ Kh8 28.
Qd2 f6 29. Qh6 Rf7 30. Bxf5 Qc7 31. Bxe6 Re8 32. Nf4 Nxe6 33. Rxe6 Rxe6 34. Nxe6
Qxc3 35. Nd8 Rg7 36. Qxf6 Qe1+ 37. Kh2 Qe7 38. Qxe7 Rxe7 39. f4 Bc8 40. g4 Re4
41. f5 Rxd4 42. Nbc6 Re4 43. Nf7+ Kg7 44. Nd6 Re2+ 45. Kg3 Bd7 46. Kf3 Rxa2 47.
Ne5 Kf6 48. Nxd7+ Ke7 49. Nxb5 Kxd7 50. Kf4 Ra5 51. Nd4 Kd6 52. Nf3 Ra4+ 53. Kg5
Re4 54. Kf6 d4 55. g5 d3 56. h4 Rxh4 57. Nd2 Rf4 58. Nb1 Kd5 59. Nd2 Rf2 60. Nb1
Ke4 61. Nc3+ Kd4 62. Nb5+ Kc4 63. Nd6+ Kd5 64. Nb5 d2 65. Nc3+ Kd4 66. Nd1 Rf1
67. Nb2 Rb1 0-1

[Event "6th Prague Challengers"]
[Site "Prague CZE"]
[Date "2024.03.04"]
[Round "6.2"]
[White "L'Ami, Erwin"]
[Black "Hrbek, Stepan"]
[Result "1-0"]
[WhiteTitle "GM"]
[BlackTitle "IM"]
[WhiteElo "2636"]
[BlackElo "2426"]
[WhiteFideId "1007998"]
[BlackFideId "393479"]
[EventDate "2024.02.27"]

1. d4 Nf6 2. c4 e6 3. Nf3 c5 4. g3 cxd4 5. Nxd4 Bb4+ 6. Bd2 Bc5 7. Nb3 Be7 8.
Bg2 d5 9. Ba5 Qd7 10. cxd5 exd5 11. Bc3 O-O 12. Bxf6 Bxf6 13. Nc3 Bxc3+ 14. bxc3
Qc7 15. O-O Qxc3 16. Rc1 Qf6 17. Qxd5 Nc6 18. Qb5 Nd4 19. Nxd4 Qxd4 20. Rfd1 Qb6
21. Qxb6 axb6 22. Bd5 Ra5 23. Rb1 b5 24. Rbc1 Bd7 25. Rc7 Bc6 26. Bb3 g5 27. h4
gxh4 28. gxh4 Kg7 29. Rd4 Raa8 30. f3 h5 31. Rf4 Be8 32. Rxb7 Rc8 33. Rf5 Kg6
34. Rg5+ Kh6 35. Kf2 f6 36. Rgg7 Bg6 37. Rge7 Rc5 38. Rb6 Bc2 39. e4 Bxb3 40.
axb3 Kg6 41. b4 Rc4 42. Rxb5 Rc6 43. Kg3 Kh6 44. Reb7 Rc1 45. Rb8 1-0